| 000 | 01011nam a2200253 a 4500 | ||
|---|---|---|---|
| 003 | MX-MxUPN | ||
| 005 | 20240619153836.0 | ||
| 008 | 991125s1873 mx gr 001 0 spa d | ||
| 035 | _aUPN01000013228 | ||
| 040 |
_aMX-MxUPN _bspa _cMX-MxUPN |
||
| 041 |
_aspa _hfre |
||
| 050 | 4 |
_aBJ1585 _bM44 |
|
| 100 | 1 |
_aGérando, Joseph-Marie, _cbaron de, _d1772-1842 _952420 |
|
| 245 | 1 | 0 |
_aCurso normal para maestros de primeras letras, ó, preceptos de educación física, moral é intelectual : _bcon aplicación a las escuelas de primera enseñanza |
| 260 |
_aVeracruz : _bImprenta de el Progreso, _c1873. |
||
| 300 | _a341 páginas | ||
| 505 | 0 | 0 |
_tMiscelánea de economía, política y moral : extractada de las obras de Benjamín Franklin / _rBenjamín Franklin _g(148 páginas). |
| 650 | 4 |
_aConducta de vida _94416 |
|
| 700 | 1 |
_aMerino Ballesteros, Francisco _etraducción _952421 |
|
| 700 | 1 |
_952418 _aFranklin, Benjamin, _d1706-1790 |
|
| 902 | _bMaríaRobles/170624 | ||
| 905 | _aLibro | ||
| 942 |
_2lcc _cLIBRO _n0 |
||
| 999 |
_c13228 _d13228 |
||